[Event "EYTCC U18 Open 2019"]
[Site "Pardubice"]
[Date "2019.07.16"]
[Round "6.14"]
[White "Ozsakallioglu, Akin"]
[Black "Zeman, Matyas"]
[Result "0-1"]
[WhiteElo "1901"]
[BlackElo "2275"]
[Annotator "NA"]
[PlyCount "82"]
[EventDate "2019.07.11"]
[EventType "swiss"]
[EventCountry "CZE"]
[SourceTitle "playchess.com"]
[Source "ChessBase"]
[SourceQuality "1"]
[WhiteTeam "Turkey"]
[BlackTeam "Czech Republic"]
[WhiteTeamCountry "TUR"]
[BlackTeamCountry "CZE"]
[TimeControl "40/5400+30:1800+30"]

1. e4 {[%emt 0:00:00]} e6 {[%emt 0:00:00]} 2. d4 {[%emt 0:00:00]} d5 {[%emt 0:00:00]} 3. Nd2 {[%emt 0:00:00]} a6 {[%emt 0:00:01]} 4. Ngf3 {[%emt 0:01:01]} c5 {[%emt 0:00:13]} 5. exd5 {[%emt 0:05:01]} exd5 {[%emt 0:00:06]} 6. dxc5 {[%emt 0:00:09]} Bxc5 {[%emt 0:00:04]} 7. Nb3 {[%emt 0:00:25]} Bb6 {[%emt 0:00:24]} 8. Bd3 {[%emt 0:01:43]} Qe7+ {[%emt 0:04:19]} 9. Be2 {[%emt 0:04:17]} Nf6 {[%emt 0:02:13]} 10. Bg5 {[%emt 0:02:53]} Bxf2+ {[%emt 0:02:01]} 11. Kxf2 {[%emt 0:00:04]} Ne4+ {[%emt 0:00:05]} 12. Kf1 {[%emt 0:00:22]} Nxg5 {[%emt 0:00:07]} 13. Qxd5 {[%emt 0:00:12]} Ne6 14. Kf2 {[%emt 0:09:24]} Nd7 {[%emt 0:17:09]} 15. Rad1 {[%emt 0:03:25]} Nf6 {[%emt 0:00:41]} 16. Qa5 {[%emt 0:16:10]} Ng4+ {[%emt 0:23:19]} 17. Kg1 {[%emt 0:02:32]} O-O {[%emt 0:02:05]} 18. Bd3 {[%emt 0:11:15]} b5 {[%emt 0:08:11]} 19. Qb6 {[%emt 0:07:21]} Bb7 {[%emt 0:01:39]} 20. h3 {[%emt 0:06:03]} Nf6 {[%emt 0:00:28]} 21. Qf2 {[%emt 0:00:26]} Qc7 {[%emt 0:08:51]} 22. Nbd4 {[%emt 0:05:13]} Nc5 {[%emt 0:02:57]} 23. c3 {[%emt 0:02:58]} Rad8 {[%emt 0:04:55]} 24. Qh4 {[%emt 0:03:14]} Bxf3 {[%emt 0:07:12]} 25. gxf3 {[%emt 0:00:10]} Nxd3 {[%emt 0:00:06]} 26. Rxd3 {[%emt 0:00:12]} Rfe8 {[%emt 0:00:35]} 27. Kf2 {[%emt 0:07:23]} Nd5 {[%emt 0:08:14]} 28. Rg1 {[%emt 0:04:19]} Nf4 {[%emt 0:02:12]} 29. Rd2 {[%emt 0:00:05]} Qe5 {[%emt 0:00:32]} 30. Rgd1 {[%emt 0:01:01]} Qe3+ {[%emt 0:01:25]} 31. Kg3 {[%emt 0:01:49]} Ng6 {[%emt 0:02:56]} 32. Qg4 {[%emt 0:00:41]} h5 {[%emt 0:00:18]} 33. Qf5 {[%emt 0:01:31]} Re5 {[%emt 0:00:49]} 34. Qd3 {[%emt 0:01:10]} Qf4+ {[%emt 0:00:24]} 35. Kg2 {[%emt 0:00:33]} Nh4+ {[%emt 0:00:34]} 36. Kh1 {[%emt 0:00:08]} Qg3 {[%emt 0:00:11]} 37. Qf1 {[%emt 0:00:16]} Rde8 {[%emt 0:00:13]} 38. Rf2 {[%emt 0:00:41]} Ng6 {[%emt 0:02:34]} 39. Ne2 {[%emt 0:02:06]} Qh4 {[%emt 0:00:25]} 40. f4 {[%emt 0:01:31]} Re3 {[%emt 0:00:14]} 41. Kh2 {[%emt 0:30:11]} Rxh3+ {[%emt 0:30:13]} 0-1

[Event "EYTCC U18 Open 2019"]
[Site "Pardubice"]
[Date "2019.07.16"]
[Round "6.15"]
[White "Svanda, Ondrej"]
[Black "Ozdemir, Serhan Berat"]
[Result "1-0"]
[WhiteElo "2234"]
[BlackElo "1985"]
[Annotator "ChessBase"]
[PlyCount "149"]
[EventDate "2019.07.11"]
[EventType "swiss"]
[EventCountry "CZE"]
[SourceTitle "playchess.com"]
[Source "ChessBase"]
[SourceQuality "1"]
[WhiteTeam "Czech Republic"]
[BlackTeam "Turkey"]
[WhiteTeamCountry "CZE"]
[BlackTeamCountry "TUR"]
[TimeControl "40/5400+30:1800+30"]

1. e4 {[%emt 0:00:00]} c5 {[%emt 0:00:00]} 2. Nf3 {[%emt 0:00:00]} e6 {[%emt 0:00:00]} 3. d4 {[%emt 0:00:00]} cxd4 {[%emt 0:00:00]} 4. Nxd4 {[%emt 0:00:00]} a6 {[%emt 0:00:00]} 5. Bd3 {[%emt 0:00:04]} Nf6 {[%emt 0:03:12]} 6. O-O {[%emt 0:00:21]} Qc7 {[%emt 0:01:07]} 7. Qe2 {[%emt 0:00:17]} d6 {[%emt 0:01:05]} 8. f4 {[%emt 0:00:30]} Nbd7 {[%emt 0:01:26]} 9. c4 {[%emt 0:02:56]} b6 {[%emt 0:04:14]} 10. b3 {[%emt 0:03:05]} Bb7 {[%emt 0:00:27]} 11. Bb2 {[%emt 0:01:02]} Be7 {[%emt 0:09:54]} 12. Nc3 {[%emt 0:00:11]} O-O {[%emt 0:00:40]} 13. Rae1 {[%emt 0:00:26]} Rfd8 {[%emt 0:06:20]} 14. Kh1 {[%emt 0:05:18]} Rac8 {[%emt 0:02:13]} 15. Bb1 {[%emt 0:06:32]} Bf8 {[%emt 0:03:28]} 16. Nf3 {[%emt 0:12:21]} g6 {[%emt 0:11:03]} 17. Ng5 {[%emt 0:08:46]} Bg7 {[%emt 0:04:29]} 18. e5 {[%emt 0:07:12]} Ne8 {[%emt 0:01:51]} 19. Nd5 {[%emt 0:07:51]} exd5 {[%emt 0:05:21]} 20. e6 {[%emt 0:00:01]} Ndf6 {[%emt 0:01:57]} 21. exf7+ {[%emt 0:08:41]} Kh8 {[%emt 0:00:04]} 22. Qe6 {[%emt 0:04:00]} Qd7 {[%emt 0:03:19]} 23. fxe8=Q+ {[%emt 0:09:10]} Rxe8 {[%emt 0:00:20]} 24. Qxd7 {[%emt 0:00:12]} Nxd7 {[%emt 0:00:02]} 25. Rxe8+ {[%emt 0:00:56]} Rxe8 {[%emt 0:00:01]} 26. Nf7+ {[%emt 0:00:11]} Kg8 {[%emt 0:00:07]} 27. Nxd6 {[%emt 0:00:11]} Rb8 {[%emt 0:03:05]} 28. Bxg7 {[%emt 0:06:34]} Kxg7 {[%emt 0:00:00]} 29. Re1 {[%emt 0:00:44]} Kf6 {[%emt 0:00:54]} 30. Nxb7 {[%emt 0:00:15]} Rxb7 {[%emt 0:00:01]} 31. cxd5 {[%emt 0:00:05]} Rc7 {[%emt 0:00:44]} 32. g3 {[%emt 0:02:13]} Rc5 {[%emt 0:00:19]} 33. Be4 {[%emt 0:01:16]} Ra5 {[%emt 0:01:35]} 34. Re2 {[%emt 0:00:13]} Rc5 {[%emt 0:02:32]} 35. Kg2 {[%emt 0:00:30]} Rc3 {[%emt 0:00:12]} 36. Rc2 {[%emt 0:01:14]} Re3 {[%emt 0:00:16]} 37. Bf3 {[%emt 0:00:19]} Nc5 {[%emt 0:01:15]} 38. Rd2 {[%emt 0:01:52]} Ke7 {[%emt 0:01:08]} 39. Re2 {[%emt 0:06:11]} Rxe2+ {[%emt 0:00:01]} 40. Bxe2 {[%emt 0:00:04]} b5 {[%emt 0:00:04]} 41. Kf3 {[%emt 0:32:56]} Kd6 {[%emt 0:31:40]} 42. Ke3 {[%emt 0:01:26]} Kxd5 {[%emt 0:00:13]} 43. g4 {[%emt 0:01:17]} Nd7 {[%emt 0:05:48]} 44. a3 {[%emt 0:00:00]} Nf6 {[%emt 0:00:00]} 45. Kd3 {[%emt 0:00:00]} Kc5 {[%emt 0:00:00]} 46. b4+ {[%emt 0:00:00]} Kd6 {[%emt 0:00:00]} 47. Bf3 {[%emt 0:00:00]} Nd7 {[%emt 0:00:00]} 48. Bb7 {[%emt 0:00:00]} a5 {[%emt 0:00:00]} 49. Kd4 {[%emt 0:00:00]} axb4 {[%emt 0:00:00]} 50. axb4 {[%emt 0:00:00]} Nf6 {[%emt 0:00:00]} 51. Bf3 {[%emt 0:00:00]} Ne8 {[%emt 0:00:00]} 52. Bd1 {[%emt 0:00:00]} Nf6 {[%emt 0:00:00]} 53. Bf3 {[%emt 0:00:00]} Ne8 {[%emt 0:00:00]} 54. h4 {[%emt 0:00:00]} Nc7 {[%emt 0:00:00]} 55. Be4 {[%emt 0:00:00]} Na6 {[%emt 0:00:00]} 56. g5 {[%emt 0:00:00]} Nxb4 {[%emt 0:00:54]} 57. f5 {[%emt 0:00:00]} gxf5 {[%emt 0:00:18]} 58. Bxf5 {[%emt 0:00:00]} Nc6+ {[%emt 0:01:13]} 59. Ke4 {[%emt 0:00:00]} Ne7 {[%emt 0:04:32]} 60. Bxh7 {[%emt 0:00:00]} Ke6 {[%emt 0:00:02]} 61. Kf4 {[%emt 0:00:00]} Nd5+ {[%emt 0:00:25]} 62. Kf3 {[%emt 0:00:00]} Kf7 {[%emt 0:01:48]} 63. Bd3 {[%emt 0:00:00]} Ne7 {[%emt 0:08:22]} 64. Bxb5 {[%emt 0:00:00]} Kg7 {[%emt 0:00:31]} 65. Bd3 {[%emt 0:00:00]} Ng8 {[%emt 0:00:35]} 66. Kf4 {[%emt 0:01:56]} Nf6 {[%emt 0:05:51]} 67. Be4 {[%emt 0:00:49]} Ng8 {[%emt 0:00:31]} 68. h5 {[%emt 0:01:13]} Nh6 {[%emt 0:00:16]} 69. Bd5 {[%emt 0:00:15]} Kh7 {[%emt 0:00:34]} 70. Be6 {[%emt 0:00:08]} Kg7 {[%emt 0:00:01]} 71. Ke5 {[%emt 0:00:28]} Kh8 {[%emt 0:00:51]} 72. Kf6 {[%emt 0:01:17]} Kh7 {[%emt 0:00:03]} 73. Ke7 {[%emt 0:01:44]} Kg7 {[%emt 0:02:08]} 74. g6 {[%emt 0:00:43]} Kh8 {[%emt 0:00:35]} 75. Kf6 {[%emt 0:00:01]} 1-0

[Event "EYTCC U18 Open 2019"]
[Site "Pardubice"]
[Date "2019.07.16"]
[Round "6.16"]
[White "YAVUZ, Sevki Batuhan"]
[Black "Mica, Marek"]
[Result "0-1"]
[WhiteElo "1647"]
[BlackElo "2222"]
[Annotator "NA"]
[PlyCount "102"]
[EventDate "2019.07.11"]
[EventType "swiss"]
[EventCountry "CZE"]
[SourceTitle "playchess.com"]
[Source "ChessBase"]
[SourceQuality "1"]
[BlackTeam "Czech Republic"]
[BlackTeamCountry "CZE"]
[TimeControl "40/5400+30:1800+30"]

1. d4 {[%emt 0:00:00]} Nf6 {[%emt 0:00:00]} 2. c4 {[%emt 0:00:00]} e6 {[%emt 0:00:00]} 3. Nc3 {[%emt 0:00:00]} Bb4 {[%emt 0:00:03]} 4. Qc2 {[%emt 0:00:03]} O-O {[%emt 0:00:32]} 5. e4 {[%emt 0:00:30]} d6 {[%emt 0:00:36]} 6. Nf3 {[%emt 0:01:39]} Nc6 {[%emt 0:03:10]} 7. a3 {[%emt 0:01:54]} Bxc3+ {[%emt 0:00:29]} 8. bxc3 {[%emt 0:00:08]} e5 {[%emt 0:00:16]} 9. d5 {[%emt 0:01:27]} Nb8 {[%emt 0:01:50]} 10. h3 {[%emt 0:02:42]} b6 {[%emt 0:01:51]} 11. Be3 {[%emt 0:02:25]} Ba6 {[%emt 0:01:11]} 12. Bd3 {[%emt 0:02:42]} Nbd7 {[%emt 0:00:34]} 13. Qa4 {[%emt 0:02:21]} Bb7 {[%emt 0:01:39]} 14. O-O {[%emt 0:03:22]} Qe7 {[%emt 0:02:22]} 15. Qc2 {[%emt 0:05:56]} Nc5 {[%emt 0:01:05]} 16. Bxc5 {[%emt 0:00:12]} dxc5 {[%emt 0:00:16]} 17. Qe2 {[%emt 0:01:39]} Ne8 {[%emt 0:00:35]} 18. Nd2 {[%emt 0:01:59]} Nd6 {[%emt 0:01:23]} 19. Rae1 {[%emt 0:04:29]} Rae8 {[%emt 0:02:34]} 20. f4 {[%emt 0:03:13]} f6 {[%emt 0:01:14]} 21. g3 {[%emt 0:05:48]} Qd7 {[%emt 0:02:36]} 22. Qg4 {[%emt 0:02:49]} Qa4 {[%emt 0:12:36]} 23. Qd1 {[%emt 0:10:39]} Qd7 {[%emt 0:10:43]} 24. Kh2 {[%emt 0:00:26]} Bc8 {[%emt 0:02:29]} 25. f5 {[%emt 0:03:52]} g5 {[%emt 0:02:59]} 26. h4 {[%emt 0:04:37]} gxh4 {[%emt 0:03:41]} 27. gxh4 {[%emt 0:00:17]} Kh8 {[%emt 0:00:19]} 28. Rg1 {[%emt 0:05:00]} Rg8 {[%emt 0:00:07]} 29. Qh5 {[%emt 0:03:29]} Rxg1 {[%emt 0:02:09]} 30. Rxg1 {[%emt 0:00:07]} Rg8 {[%emt 0:00:39]} 31. Qh6 {[%emt 0:06:49]} Rxg1 {[%emt 0:02:57]} 32. Kxg1 {[%emt 0:00:08]} Qe7 {[%emt 0:01:12]} 33. Nf1 {[%emt 0:04:35]} Nf7 {[%emt 0:01:57]} 34. Qh5 {[%emt 0:00:41]} Qf8 {[%emt 0:00:34]} 35. Kf2 {[%emt 0:01:09]} Bd7 {[%emt 0:00:43]} 36. Ne3 {[%emt 0:00:52]} Be8 {[%emt 0:00:45]} 37. Qf3 {[%emt 0:02:49]} Nd6 {[%emt 0:00:33]} 38. Kg3 {[%emt 0:02:22]} Qg7+ {[%emt 0:02:19]} 39. Qg4 {[%emt 0:00:40]} Qh6 {[%emt 0:00:25]} 40. Qf3 {[%emt 0:01:02]} Bh5 {[%emt 0:01:13]} 41. Qf2 {[%emt 0:30:22]} Qf8 {[%emt 0:32:57]} 42. Kh3 {[%emt 0:00:55]} Qe8 {[%emt 0:00:50]} 43. Qc2 {[%emt 0:00:51]} Qd7 {[%emt 0:11:04]} 44. Kg3 {[%emt 0:03:58]} Qg7+ {[%emt 0:01:09]} 45. Kh2 {[%emt 0:04:16]} Bf3 {[%emt 0:01:09]} 46. Qa4 {[%emt 0:00:00]} Qh6 {[%emt 0:00:00]} 47. Nf1 {[%emt 0:00:00]} Qxh4+ {[%emt 0:00:00]} 48. Kg1 {[%emt 0:00:00]} Qg4+ {[%emt 0:00:00]} 49. Kf2 {[%emt 0:00:00]} Bxe4 {[%emt 0:00:00]} 50. Bxe4 {[%emt 0:00:00]} Nxe4+ {[%emt 0:00:00]} 51. Ke1 {[%emt 0:00:00]} Qh4+ {[%emt 0:00:00]} 0-1

[Event "EYTCC U18 Open 2019"]
[Site "Pardubice"]
[Date "2019.07.16"]
[Round "6.25"]
[White "Engel, Luis"]
[Black "Gazik, Viktor"]
[Result "1/2-1/2"]
[WhiteElo "2509"]
[BlackElo "2525"]
[Annotator "ChessBase"]
[PlyCount "173"]
[EventDate "2019.07.11"]
[EventType "swiss"]
[EventCountry "CZE"]
[SourceTitle "playchess.com"]
[Source "ChessBase"]
[SourceQuality "1"]
[WhiteTeam "Germany"]
[BlackTeam "Slovakia"]
[WhiteTeamCountry "GER"]
[BlackTeamCountry "SVK"]
[TimeControl "40/5400+30:1800+30"]

1. e4 {[%emt 0:00:00]} c6 {[%emt 0:00:00]} 2. d4 {[%emt 0:00:00]} d5 {[%emt 0:00:00]} 3. e5 {[%emt 0:00:00]} Bf5 {[%emt 0:00:00]} 4. Nf3 {[%emt 0:00:00]} e6 {[%emt 0:00:00]} 5. Be2 {[%emt 0:00:01]} Ne7 {[%emt 0:00:01]} 6. O-O {[%emt 0:00:09]} Ng6 {[%emt 0:01:30]} 7. c4 {[%emt 0:07:21]} dxc4 {[%emt 0:03:07]} 8. Bxc4 {[%emt 0:01:35]} Nd7 {[%emt 0:01:03]} 9. Nc3 {[%emt 0:02:38]} Be7 {[%emt 0:20:01]} 10. Be3 {[%emt 0:06:17]} Nb6 {[%emt 0:10:55]} 11. Bb3 {[%emt 0:02:08]} f6 {[%emt 0:12:34]} 12. h3 {[%emt 0:08:54]} h5 {[%emt 0:01:42]} 13. Re1 {[%emt 0:13:00]} Nd5 {[%emt 0:04:28]} 14. Bd2 {[%emt 0:09:28]} Kf7 {[%emt 0:06:52]} 15. Ne4 {[%emt 0:05:16]} h4 {[%emt 0:02:25]} 16. Rc1 {[%emt 0:02:13]} Rc8 {[%emt 0:00:41]} 17. Qe2 {[%emt 0:03:47]} b6 {[%emt 0:08:03]} 18. Bc4 {[%emt 0:04:54]} Rc7 {[%emt 0:04:18]} 19. a3 {[%emt 0:02:08]} a5 {[%emt 0:04:38]} 20. Bb3 {[%emt 0:02:41]} Qd7 {[%emt 0:05:25]} 21. Bc2 {[%emt 0:01:55]} Qc8 {[%emt 0:00:56]} 22. Nd6+ {[%emt 0:07:58]} Bxd6 {[%emt 0:00:06]} 23. exd6 {[%emt 0:00:06]} Rb7 {[%emt 0:01:12]} 24. Bxf5 {[%emt 0:02:47]} exf5 {[%emt 0:00:03]} 25. Rxc6 {[%emt 0:01:02]} Qxc6 {[%emt 0:00:02]} 26. Qe6+ {[%emt 0:00:07]} Kf8 {[%emt 0:00:06]} 27. Rc1 {[%emt 0:00:11]} Ndf4 {[%emt 0:05:30]} 28. Bxf4 {[%emt 0:00:17]} Nxf4 {[%emt 0:00:06]} 29. Rxc6 {[%emt 0:00:09]} Nxe6 {[%emt 0:00:04]} 30. Rc8+ {[%emt 0:00:06]} Kf7 {[%emt 0:00:03]} 31. Rxh8 {[%emt 0:00:07]} Rd7 {[%emt 0:01:09]} 32. d5 {[%emt 0:02:47]} Nc5 {[%emt 0:04:54]} 33. Nxh4 {[%emt 0:01:26]} Rxd6 {[%emt 0:00:16]} 34. Nxf5 {[%emt 0:02:18]} Rxd5 {[%emt 0:00:01]} 35. Ne3 {[%emt 0:01:25]} Rd3 {[%emt 0:01:57]} 36. Rb8 {[%emt 0:03:30]} Rb3 {[%emt 0:00:04]} 37. Nc4 {[%emt 0:00:25]} Na4 {[%emt 0:00:01]} 38. Nxa5 {[%emt 0:04:15]} Rxb2 {[%emt 0:00:07]} 39. Nc4 {[%emt 0:00:10]} Rb3 {[%emt 0:02:36]} 40. Ra8 {[%emt 0:02:08]} b5 {[%emt 0:00:01]} 41. Nd6+ {[%emt 0:31:36]} Kg6 {[%emt 0:03:35]} 42. Nxb5 {[%emt 0:00:00]} Nb6 {[%emt 0:00:06]} 43. Ra5 {[%emt 0:00:00]} Nc4 {[%emt 0:00:04]} 44. Ra4 {[%emt 0:00:00]} Nb6 {[%emt 0:00:05]} 45. Rg4+ {[%emt 0:00:00]} Kh7 {[%emt 0:00:03]} 46. Rh4+ {[%emt 0:00:00]} Kg8 {[%emt 0:07:23]} 47. Rh5 {[%emt 0:00:00]} g5 {[%emt 0:00:42]} 48. Nd6 {[%emt 0:00:00]} Rxa3 {[%emt 0:05:29]} 49. Ne4 {[%emt 0:00:00]} Nd7 {[%emt 0:02:11]} 50. h4 {[%emt 0:00:00]} Ra1+ {[%emt 0:09:00]} 51. Kh2 {[%emt 0:00:00]} Re1 {[%emt 0:00:10]} 52. Nd6 {[%emt 0:00:00]} gxh4 {[%emt 0:00:39]} 53. Rxh4 {[%emt 0:00:00]} Ne5 {[%emt 0:00:37]} 54. Kg3 {[%emt 0:00:00]} Rd1 {[%emt 0:03:03]} 55. Ne4 {[%emt 0:00:00]} Rd3+ {[%emt 0:00:01]} 56. f3 {[%emt 0:00:00]} Kg7 {[%emt 0:00:07]} 57. Rf4 {[%emt 0:00:00]} Nd7 {[%emt 0:00:02]} 58. Rf5 {[%emt 0:00:00]} Ra3 {[%emt 0:02:39]} 59. Rd5 {[%emt 0:00:00]} Ra7 {[%emt 0:00:34]} 60. Kf4 {[%emt 0:00:00]} Nf8 {[%emt 0:00:13]} 61. Rd6 {[%emt 0:00:00]} Ng6+ {[%emt 0:03:10]} 62. Kg3 {[%emt 0:00:40]} Rf7 {[%emt 0:00:28]} 63. Nc5 {[%emt 0:01:53]} Re7 {[%emt 0:01:27]} 64. Nd7 {[%emt 0:01:00]} Rf7 {[%emt 0:01:47]} 65. Kg4 {[%emt 0:00:53]} Ne7 {[%emt 0:00:12]} 66. Nc5 {[%emt 0:00:39]} Ng8 {[%emt 0:00:55]} 67. Kh5 {[%emt 0:01:45]} Re7 {[%emt 0:00:23]} 68. f4 {[%emt 0:00:57]} Re2 {[%emt 0:00:44]} 69. Rd7+ {[%emt 0:00:37]} Ne7 {[%emt 0:00:01]} 70. g3 {[%emt 0:01:14]} Kf7 {[%emt 0:00:18]} 71. Kg4 {[%emt 0:00:34]} Re3 {[%emt 0:00:20]} 72. Nd3 {[%emt 0:01:49]} Ke8 {[%emt 0:01:26]} 73. Nc5 {[%emt 0:02:09]} Rc3 {[%emt 0:00:13]} 74. Rc7 {[%emt 0:00:16]} Nd5 {[%emt 0:00:24]} 75. Rc8+ {[%emt 0:01:38]} Kf7 {[%emt 0:00:02]} 76. Nb7 {[%emt 0:01:26]} f5+ {[%emt 0:01:04]} 77. Kh4 {[%emt 0:00:31]} Rxc8 {[%emt 0:00:07]} 78. Nd6+ {[%emt 0:00:04]} Ke6 {[%emt 0:01:09]} 79. Nxc8 {[%emt 0:00:05]} Kd7 {[%emt 0:00:04]} 80. Na7 {[%emt 0:00:28]} Nc3 {[%emt 0:00:02]} 81. Kg5 {[%emt 0:00:58]} Ne4+ {[%emt 0:00:05]} 82. Kxf5 {[%emt 0:00:05]} Nxg3+ {[%emt 0:00:05]} 83. Kg6 {[%emt 0:00:06]} Ke6 {[%emt 0:01:42]} 84. Nc6 {[%emt 0:00:14]} Kd6 {[%emt 0:00:47]} 85. Nd4 {[%emt 0:00:09]} Kd5 {[%emt 0:00:09]} 86. f5 {[%emt 0:00:12]} Nxf5 {[%emt 0:00:06]} 87. Nxf5 {[%emt 0:00:03]} 1/2-1/2

[Event "EYTCC U18 Open 2019"]
[Site "Pardubice"]
[Date "2019.07.16"]
[Round "6.26"]
[White "Pechac, Jergus"]
[Black "Buckels, Valentin"]
[Result "1-0"]
[WhiteElo "2469"]
[BlackElo "2451"]
[Annotator "ChessBase"]
[PlyCount "73"]
[EventDate "2019.07.11"]
[EventType "swiss"]
[EventCountry "CZE"]
[SourceTitle "playchess.com"]
[Source "ChessBase"]
[SourceQuality "1"]
[WhiteTeam "Slovakia"]
[BlackTeam "Germany"]
[WhiteTeamCountry "SVK"]
[BlackTeamCountry "GER"]
[TimeControl "40/5400+30:1800+30"]

1. d4 {[%emt 0:00:00]} Nf6 {[%emt 0:00:00]} 2. c4 {[%emt 0:00:00]} e6 {[%emt 0:00:00]} 3. Nc3 {[%emt 0:00:00]} Bb4 {[%emt 0:00:00]} 4. Qc2 {[%emt 0:00:00]} O-O {[%emt 0:00:09]} 5. e4 {[%emt 0:00:00]} d5 {[%emt 0:01:04]} 6. e5 {[%emt 0:00:06]} Ne4 {[%emt 0:00:24]} 7. Bd3 {[%emt 0:00:05]} c5 {[%emt 0:04:17]} 8. Nf3 {[%emt 0:00:08]} Nc6 {[%emt 0:06:43]} 9. dxc5 {[%emt 0:14:15]} f5 {[%emt 0:17:38]} 10. exf6 {[%emt 0:08:22]} Nxf6 {[%emt 0:01:02]} 11. Bg5 {[%emt 0:19:11]} h6 {[%emt 0:05:13]} 12. Bxf6 {[%emt 0:01:56]} Qxf6 {[%emt 0:00:38]} 13. O-O {[%emt 0:00:32]} Bxc5 {[%emt 0:10:14]} 14. cxd5 {[%emt 0:01:23]} Nd4 {[%emt 0:05:07]} 15. Nxd4 {[%emt 0:01:07]} Bxd4 {[%emt 0:01:31]} 16. Be4 {[%emt 0:08:31]} exd5 {[%emt 0:12:16]} 17. Nxd5 {[%emt 0:04:58]} Qe5 {[%emt 0:14:59]} 18. Kh1 {[%emt 0:00:46]} Bf5 {[%emt 0:04:55]} 19. Bxf5 {[%emt 0:02:09]} Qxd5 {[%emt 0:00:06]} 20. Be4 {[%emt 0:00:10]} Qb5 {[%emt 0:02:01]} 21. Bxb7 {[%emt 0:11:59]} Rad8 {[%emt 0:00:40]} 22. Be4 {[%emt 0:06:51]} Qxb2 {[%emt 0:01:18]} 23. Qc4+ {[%emt 0:00:04]} Kh8 {[%emt 0:00:09]} 24. Rab1 {[%emt 0:00:12]} Qc3 {[%emt 0:02:46]} 25. Qe2 {[%emt 0:01:53]} Bb6 {[%emt 0:01:18]} 26. Rbd1 {[%emt 0:04:37]} Rxd1 {[%emt 0:02:23]} 27. Rxd1 {[%emt 0:00:38]} Qc5 {[%emt 0:02:09]} 28. Bd3 {[%emt 0:02:21]} Qd4 {[%emt 0:01:35]} 29. Qe6 {[%emt 0:01:43]} Qa4 {[%emt 0:01:39]} 30. Re1 {[%emt 0:00:58]} Qb4 {[%emt 0:00:36]} 31. f3 {[%emt 0:01:42]} Qh4 {[%emt 0:01:33]} 32. g3 {[%emt 0:01:14]} Qb4 {[%emt 0:00:55]} 33. a3 {[%emt 0:00:41]} Qd4 {[%emt 0:00:40]} 34. Qg6 {[%emt 0:00:23]} Kg8 35. Qh7+ {[%emt 0:00:12]} Kf7 {[%emt 0:00:02]} 36. Bg6+ {[%emt 0:00:15]} Kf6 {[%emt 0:00:02]} 37. Bh5 {[%emt 0:00:10]} 1-0